Etiqueta de registo: 00000nam 2200025 450
001 1866248
003 http://id.bnportugal.gov.pt/bib/catbnp/1866248
010 ## $a978-989-98678-1-9
021 ## $aPT$b366838/13
100 ## $a20140306d2013 m y0pory01030103ba
101 0# $apor
102 ## $aPT
105 ## $aa z 000gy
106 ## $ar
200 1# $aCarlitos$fMiguel Palhinha, Ricardo Filho de Josefina
205 ## $a1ª ed
210 #9 $a[Lisboa]$cNABO - Núcleo Apático das Brigadas do Ócio,$d2013
225 2# $aNabo$v1
675 ## $a821.134.3-1"20"$vBN$zpor$31023893
700 #1 $aPalhinha,$bMiguel$31557628
701 #1 $aJosefina,$bRicardo Filho de$4070$31569667
801 #0 $aPT$bBN$gRPC
856 41 $uhttp://rnod.bnportugal.gov.pt/ImagesBN/winlibimg.aspx?skey=&doc=1866248&img=40105&save=true
900 ## $aBIBNAC$d20140407
966 ## $lBN$mFGMON$sL. 122600 V.$x1
Etiqueta de registo: 00000nam 2200025 450
001 1859671
003 http://id.bnportugal.gov.pt/bib/catbnp/1859671
010 ## $a978-989-98678-0-2
021 ## $aPT$b365292/13
100 ## $a20131226d2010 m y0pory01030103ba
101 0# $apor$aeng$anor
102 ## $aPT
105 ## $aa z 000yy
106 ## $ar
200 1# $a Os Vikings também pescam$fMiguel Palhinha
205 ## $a1ª ed
210 #9 $a[S.l.]$cPublicações Nabo - Núcleo Apático da Brigada do Ócio,$dcop. 2010$e[Bobadela :$gAlpe-Artes Gráficas])
215 ## $a[50] p.$cil.$d21 cm
225 2# $aNabo$v2
305 ## $aEd. trilingue em português, inglês e norueguês
675 ## $a77Palhinha, Miguel$vBN$zpor$31558084
675 ## $a77.04(=1:469)"20"$vBN$zpor$31426427
700 #1 $aPalhinha,$bMiguel$31557628
801 #0 $aPT$bBN$gRPC
856 41 $uhttp://rnod.bnportugal.gov.pt/ImagesBN/winlibimg.aspx?skey=&doc=1859671&img=38271&save=true
900 ## $aBIBNAC$d20140306
966 ## $lBN$mFGMON$sB.A. 37031 V.$x1
Etiqueta de registo: 00254nam 2200025 450
001 2284563
003 http://id.bnportugal.gov.pt/bib/catbnp/2284563
010 ## $a978-989-98678-8-8
021 ## $aPT$b545643/25
100 ## $a20260416d2025 m y0pory01030103ba
101 0# $apor
102 ## $aPT
105 ## $aa z 000gy
106 ## $ar
200 1# $aHaiku de Judas$ffot. Miguel Palhinha$gtercetos Cobramor$gpref. Ricardo Filho de Josefina
205 ## $a1ª ed
210 #9 $a[S.l.]$cNABO - Núcleo Apático das Brigadas do Ócio,$d2025
215 ## $a[101] p.$cil.$d21 cm
675 ## $a821.134.3-1"20"$vBN$zpor$31023893
675 ## $a77Palhinha, Miguel$vBN$zpor$31558084
675 ## $a77.04(=1:469)"20"$vBN$zpor$31426427
700 #1 $aPalhinha,$bMiguel$31557628
702 #1 $aJosefina,$bRicardo Filho de$4080$31569667
712 02 $aCobramor,$cpseud.$4070$31665288
801 #0 $aPT$bBN$gRPC
856 41 $uhttp://rnod.bnportugal.gov.pt/ImagesBN/winlibimg.aspx?skey=&doc=2284563&img=221696&save=true
900 ## $aBIBNAC$d20260429
966 ## $lBN$mFGMON$sL. 181542 V.$x1
971 ## $cabrito$d20260416
972 ## $e0$z0$d20260429$vasantos
973 ## $caalmeid$d20260423